000 00455nam a2200193Ia 4500
005 20240823054218.0
008 240823s9999||||xx |||||||||||||| ||und||
041 _aENGLISH
082 _A420 N3
100 _aRoger Strangwick
245 0 _aEnglish for further Education
250 _a1st
260 _c1993
_b"Orient,Hydrabad"
500 _aTRANSFERED
650 _aENG
_bEnglish
700 _a Constance Hawkins
942 _cBK
999 _c225933
_d225933